000 01306nam a2200253Ia 4500
003 Ost
005 20260507075001.0
008 260507s9999||||xx |||||||||||||| ||und||
020 _a9957180029
040 _cfsecg
041 _aara
082 _a382
100 _aروداينة، عثمان يوسف
_eمؤلف
245 0 _aتكنولوجيا التسويق /
_c عثمان يوسف روداينة
260 _aعمان:
_bدار المناهج,
_c2004
300 _a304 صفحة؛
_bإيضاحات ؛
_c24 سم
504 _aبيبليوغرافيا ص. 299-303
520 _aيضم مقدمة في إدارة الاعمال الدولية، بيئة الاعمال الدولية، نظريات الاعمال الدولية، المنافسة الكونية و تحليل و اختبار الاسواق الدولية،هيكل الاعمال الكونية التسويق الدولي، التعقيدات الاضافية للتسوق الدولي، إدارة الانتاج الدولي و نظام الامداد، الادارة المالية الدولية.
653 _aالأعمال الدولية
653 _aالتسويق الدولي
653 _aهيكل الأعمال
700 _aالصميدعي، محمود جاسم
_eمؤلف ثانوي
942 _cكتاب
999 _c42076
_d42076